01545nam a2200337Ia 4500001001200000003000800012006001900020007001500039008004100054035002200095040003100117043001200148050001500160100003000175245025400205264008600459300003400545336002600579337002600605338003600631490005500667504005600722588010500778650005800883650003900941650004400980655002401024710001901048830006801067856007201135DIGCIDOB069NyNyDIGm o d cr |||||||||||150101s2008 sp ob 000 0 spa d a(OCoLC)1335125597 aDGITAbengerdaepncDGITA as-pe---14aHD1696.P541 aVogel, Marion,eauthor. 13aLa utilidad de aproximaciones globales para la solución de la "crisis del agua" :bel ejemplo del Perú ; el rol de la política global del agua y de la cooperación al desarrollo en la reforma del sector hídrico en el Perú /cMarion Vogel. 1aBarcelona :bFundació CIDOB, Barcelona Centre for International Affairs,c2008. a1 online resource (142 pages) atextbtxt2rdacontent acomputerbc2rdamedia aonline resourcebcr2rdacarrier1 aDocumentos CIDOB.aDesarrollo y Cooperación ;v3 aIncludes bibliographical references (pages 137-142) aDescription based on online resource; title from PDF title page (Digitalia, viewed December 5, 2014) 0aWater-supplyxManagementxInternational cooperation.  0aWater resources developmentzPeru. 0aWater-supplyxGovernment policyzPeru.  7aPeriodicals.2lcgft2 aCIDOB (Center) 0aDocumentos CIDOB.pDesarrollo y Cooperación,x1886-6999 ;v3.403Digitalia Hispánicauhttps://www.digitaliapublishing.com/a/23810/